Manuel de Falla en la isla / (Record no. 135015)
[ view plain ]
| 000 -LEADER | |
|---|---|
| campo de control de longitud fija | 00577nam a2200193 i 4500 |
| 001 - NÚMERO DE CONTROL | |
| campo de control | 135015 |
| 003 - IDENTIFICADOR DE NÚMERO DE CONTROL | |
| campo de control | ES-MaACL |
| 005 - FECHA Y HORA DE LA ÚLTIMA TRANSACCIÓN | |
| campo de control | 20230906194806.0 |
| 007 - CAMPO FIJO DE DESCRIPCIÓN FÍSICA--INFORMACIÓN GENERAL | |
| campo de control de longitud fija | t| |
| 008 - DATOS DE LONGITUD FIJA--INFORMACIÓN GENERAL | |
| campo de control de longitud fija | 070705q1947 sp ||||1| spa d |
| 080 ## - NÚMERO DE LA CLASIFICACIÓN DECIMAL UNIVERSAL | |
| Número de la Clasificación Decimal Universal | 929:78 Falla, Manuel de |
| 100 1# - ENTRADA PRINCIPAL--NOMBRE DE PERSONA | |
| Nombre de persona | Thomàs Sabater, Joan Maria. |
| 9 (RLIN) | 110056 |
| 245 10 - MENCIÓN DEL TÍTULO | |
| Título | Manuel de Falla en la isla / |
| Mención de responsabilidad, etc. | Juan María Thomàs. |
| 260 ## - PUBLICACIÓN, DISTRIBUCIÓN, ETC. | |
| Lugar de publicación, distribución, etc. | Palma de Mallorca : |
| Nombre del editor, distribuidor, etc. | Capella Clàssica, |
| Fecha de publicación, distribución, etc. | [1947?] |
| 300 ## - DESCRIPCIÓN FÍSICA | |
| Extensión | 341 p. ; |
| Dimensiones | 18 cm. |
| 600 14 - PUNTO DE ACCESO ADICIONAL DE MATERIA--NOMBRE DE PERSONA | |
| Nombre de persona | Falla, Manuel de, |
| Fechas asociadas al nombre | 1876-1946 |
| 9 (RLIN) | 48756 |
| 852 4# - LOCALIZACIÓN | |
| Ubicación | ES-MaACL |
| Número de control de estantería | C-4885 |
| Estatus retirado | Estado de pérdida | Estado de daño | No para préstamo | Biblioteca de origen | Biblioteca actual | Ubicación en estantería | Fecha de adquisición | Fuente de adquisición | Total de préstamos | Signatura topográfica completa | Código de barras | Visto por última vez | Precio de reemplazo | Tipo de ítem Koha |
|---|---|---|---|---|---|---|---|---|---|---|---|---|---|---|
| Biblioteca del Ateneo de Madrid | Biblioteca del Ateneo de Madrid | Sala Palomar | 17/01/2008 | C-4885 | 1140532 | 23/02/2023 | 23/02/2023 | Libro impreso |
